[Event "Leyland op"]
[Site "Leyland"]
[Date "2013.08.24"]
[Round "1"]
[White "Rabbitte, Dominic M"]
[Black "Collins, Richard Arnold"]
[Result "1-0"]
[WhiteElo "2027"]
[BlackElo "1802"]
[PlyCount "53"]
[EventDate "2013.08.24"]
[EventType "swiss"]
[EventRounds "6"]
[EventCountry "ENG"]
[SourceTitle "CBM 156 Extra"]
[Source "ChessBase"]
[SourceDate "2013.10.22"]
[SourceVersion "1"]
[SourceVersionDate "2013.10.22"]
[SourceQuality "1"]

1. e4 e5 2. Nc3 Bc5 3. Bc4 Nf6 4. d3 h6 5. f4 d6 6. Nf3 Bg4 7. fxe5 Bxf3 8. Qxf3 dxe5 9. Qg3 g6 10. Qxe5+ Qe7 11. Bf4 c6 12. Rf1 Rh7 13. Qxe7+ Bxe7 14. Ke2 Nbd7 15. h3 Nc5 16. a4 Rd8 17. Rf3 Ne6 18. Be3 Nd7 19. Bxe6 fxe6 20. Bxa7 Ne5 21. Rff1 g5 22. Be3 Ng6 23. a5 Bb4 24. a6 bxa6 25. Rxa6 Rc8 26. Rf6 Ke7 27. Nd5+ 1-0

[Event "GBR-ch Major 98th"]
[Site "Sheffield"]
[Date "2011.07.27"]
[Round "4"]
[White "Rabbitte, Dominic M"]
[Black "Farshad, Ai"]
[Result "1-0"]
[WhiteElo "2006"]
[BlackElo "1920"]
[PlyCount "81"]
[EventDate "2011.07.25"]
[EventType "swiss"]
[EventRounds "11"]
[EventCountry "ENG"]
[SourceTitle "EXT 2012"]
[Source "ChessBase"]
[SourceDate "2011.11.24"]
[SourceVersion "1"]
[SourceVersionDate "2011.11.24"]
[SourceQuality "1"]

1. e4 c5 2. Nc3 g6 3. g3 Bg7 4. Bg2 Nc6 5. d3 d6 6. Be3 e5 7. Qd2 Qa5 8. f4 Nf6 9. fxe5 dxe5 10. Nd5 Nb4 11. Nxf6+ Bxf6 12. c3 Na6 13. Nf3 Qd8 14. Bh6 Be6 15. 0-0 Qe7 16. d4 0-0-0 17. d5 Rhg8 18. Qe3 Bd7 19. Ng5 Be8 20. Nxh7 Rd6 21. Rxf6 Rxf6 22. Bg5 Rf3 23. Bxf3 Qc7 24. Nf6 Rh8 25. Bg4+ Kb8 26. c4 Nb4 27. Qd2 Qd6 28. a3 Na6 29. Nxe8 Rxe8 30. Rf1 f5 31. exf5 gxf5 32. Bxf5 Nc7 33. Qe3 b5 34. b3 Kb7 35. Qe4 a5 36. h4 b4 37. g4 Rg8 38. Re1 Re8 39. a4 Rg8 40. Bg6 Ne8 41. Qxe5 1-0

[Event "GBR-ch Major 98th"]
[Site "Sheffield"]
[Date "2011.07.26"]
[Round "2"]
[White "Rabbitte, Dominic M"]
[Black "Patrick, David A"]
[Result "1/2-1/2"]
[WhiteElo "2006"]
[BlackElo "1968"]
[PlyCount "89"]
[EventDate "2011.07.25"]
[EventType "swiss"]
[EventRounds "11"]
[EventCountry "ENG"]
[SourceTitle "EXT 2012"]
[Source "ChessBase"]
[SourceDate "2011.11.24"]
[SourceVersion "1"]
[SourceVersionDate "2011.11.24"]
[SourceQuality "1"]

1. e4 e6 2. d3 d5 3. Nd2 Nf6 4. Ngf3 c5 5. g3 Nc6 6. Bg2 Be7 7. 0-0 0-0 8. Re1 Rb8 9. e5 Nd7 10. Nf1 b5 11. h4 Qc7 12. Bf4 b4 13. Ne3 Nb6 14. Ng5 Bxg5 15. hxg5 Ne7 16. Qh5 Nd7 17. Nxd5 Nxd5 18. Bxd5 g6 19. Qh3 Re8 20. Be4 Bb7 21. Kg2 Bxe4+ 22. Rxe4 Nf8 23. Be3 Red8 24. f4 Qc6 25. Kf2 Rd5 26. g4 Qa4 27. b3 Qa3 28. Bc1 Qa5 29. f5 exf5 30. gxf5 gxf5 31. Qxf5 Qd8 32. Bb2 Rb6 33. Rh1 Rg6 34. Rh5 Qe7 35. d4 cxd4 36. Bxd4 Qc7 37. Reh4 a5 38. Qe4 Qd7 39. Ke3 Qc6 40. Rh2 Qe6 41. Rf2 Qd7 42. c4 bxc3 43. Bxc3 Qc6 44. Qc4 Qd7 45. Rfh2 1/2-1/2

[Event "Blackpool op 35th"]
[Site "Blackpool"]
[Date "2011.03.13"]
[Round "4"]
[White "Rabbitte, Dominic M"]
[Black "Jaunooby, Ali Reza"]
[Result "0-1"]
[WhiteElo "2006"]
[BlackElo "2157"]
[PlyCount "70"]
[EventDate "2011.03.11"]
[EventType "swiss"]
[EventRounds "5"]
[EventCountry "ENG"]
[SourceTitle "CBM 141 Extra"]
[Source "ChessBase"]
[SourceDate "2011.05.03"]
[SourceVersion "1"]
[SourceVersionDate "2011.05.03"]
[SourceQuality "1"]

1. e4 g6 2. d4 Bg7 3. Nc3 d6 4. Be3 a6 5. Qd2 b5 6. h4 h5 7. Nh3 Nf6 8. f3 Nbd7 9. e5 b4 10. exf6 bxc3 11. Qxc3 Nxf6 12. Bc4 0-0 13. Ng5 c5 14. dxc5 Ne4 15. Qb3 Qa5+ 16. c3 Nxg5 17. Bxg5 Qxc5 18. 0-0-0 Ra7 19. Bd5 e6 20. Be4 d5 21. Bd3 Rb7 22. Qc2 Qa5 23. Kd2 d4 24. b3 e5 25. Ke2 dxc3 26. Bc4 Bf5 27. Bd3 e4 28. Bxe4 Re8 29. Kf2 Bxe4 30. fxe4 Rb4 31. Rhe1 Qe5 32. Rd5 Qh2 33. a3 Rb6 34. e5 Bxe5 35. Qe4 Bg3+ 0-1

[Event "Blackpool op 35th"]
[Site "Blackpool"]
[Date "2011.03.12"]
[Round "3"]
[White "Merriman, John"]
[Black "Rabbitte, Dominic M"]
[Result "1/2-1/2"]
[WhiteElo "2253"]
[BlackElo "2006"]
[PlyCount "73"]
[EventDate "2011.03.11"]
[EventType "swiss"]
[EventRounds "5"]
[EventCountry "ENG"]
[SourceTitle "CBM 141 Extra"]
[Source "ChessBase"]
[SourceDate "2011.05.03"]
[SourceVersion "1"]
[SourceVersionDate "2011.05.03"]
[SourceQuality "1"]

1. d4 Nf6 2. c4 c5 3. d5 e6 4. Nc3 exd5 5. cxd5 d6 6. e4 g6 7. f4 Bg7 8. Nf3 0-0 9. Be2 Bg4 10. 0-0 Re8 11. h3 Bxf3 12. Bxf3 a6 13. a4 Nbd7 14. g4 h6 15. Re1 Rb8 16. a5 b5 17. axb6 Qxb6 18. Re2 Nh7 19. Qa4 Bxc3 20. bxc3 Qb3 21. Qxb3 Rxb3 22. Kg2 Rxc3 23. Bb2 Rb3 24. Rxa6 Nb6 25. Ba1 g5 26. e5 gxf4 27. h4 Nc4 28. exd6 Ne3+ 29. Kf2 Nf8 30. d7 Nxd7 31. Rxh6 Ne5 32. Bxe5 Rxe5 33. Rd2 Rb1 34. Re2 Rb3 35. Rd2 Rb1 36. d6 Rf1+ 37. Ke2 1/2-1/2

[Event "GBR-ch Major op 95th"]
[Site "Liverpool"]
[Date "2008.08.01"]
[Round "5"]
[White "Rabbitte, Dominic M"]
[Black "Smith, Graham M"]
[Result "0-1"]
[WhiteElo "1975"]
[BlackElo "2085"]
[PlyCount "110"]
[EventDate "2008.07.28"]
[EventType "swiss"]
[EventRounds "11"]
[EventCountry "ENG"]
[SourceTitle "CBM 125 Extra"]
[Source "ChessBase"]
[SourceDate "2008.09.01"]
[SourceVersion "1"]
[SourceVersionDate "2008.09.01"]
[SourceQuality "1"]

1. e4 c5 2. Nc3 e6 3. g3 Nc6 4. Bg2 g6 5. d3 Bg7 6. Be3 d6 7. Qd2 Nd4 8. Nd1 e5 9. c3 Nc6 10. Ne2 Bd7 11. d4 Qe7 12. 0-0 h5 13. f4 f6 14. fxe5 fxe5 15. Bg5 Bf6 16. Bxf6 Nxf6 17. Qg5 Kf7 18. Ne3 Kg7 19. dxc5 dxc5 20. Rad1 Be6 21. Nf5+ Bxf5 22. exf5 Rh6 23. Qe3 gxf5 24. Rxf5 Ng4 25. Rg5+ Rg6 26. Rxg6+ Kxg6 27. Qd3+ Kg7 28. Qd7 Re8 29. Bxc6 bxc6 30. Qxc6 Rd8 31. Rd5 Qf7 32. Nf4 Rxd5 33. Qxd5 exf4 34. Qxc5 f3 35. Qd4+ Kg6 36. Qe4+ Qf5 37. Qc6+ Nf6 38. Kf2 Kg5 39. Qxf3 Ng4+ 40. Kg2 Qxf3+ 41. Kxf3 Nxh2+ 42. Kg2 Ng4 43. b4 Kf5 44. a4 Ke4 45. b5 Ne3+ 46. Kf2 Nc4 47. Ke2 Kd5 48. Kf3 Kc5 49. Kf4 Nb2 50. Kg5 Nxa4 51. Kxh5 Nxc3 52. g4 Kxb5 53. g5 Nd5 54. Kh6 a5 55. g6 Ne7 0-1

[Event "GBR-ch op"]
[Site "Swansea"]
[Date "2006.08.18"]
[Round "11.51"]
[White "Rabbitte, Dominic M"]
[Black "Wells, Daniel J"]
[Result "1/2-1/2"]
[WhiteElo "1964"]
[BlackElo "1997"]
[PlyCount "31"]
[EventDate "2006.08.06"]
[EventType "swiss"]
[EventRounds "11"]
[EventCountry "WLS"]
[SourceTitle "CBM 113 Extra"]
[Source "ChessBase"]
[SourceDate "2006.09.14"]
[SourceVersion "1"]
[SourceVersionDate "2006.09.14"]
[SourceQuality "1"]

1. e4 c5 2. Nc3 Nc6 3. g3 g6 4. Bg2 Bg7 5. d3 d6 6. Be3 e5 7. Qd2 Nge7 8. f4 0-0 9. Nf3 Nd4 10. Nd1 Nxf3+ 11. Bxf3 exf4 12. Bxf4 d5 13. 0-0 Be6 14. Bh6 Qb6 15. Bxg7 Kxg7 16. b3 1/2-1/2

[Event "GBR-ch op"]
[Site "Swansea"]
[Date "2006.08.12"]
[Round "6.53"]
[White "Hall, Daniel"]
[Black "Rabbitte, Dominic M"]
[Result "1/2-1/2"]
[WhiteElo "2069"]
[BlackElo "1964"]
[PlyCount "42"]
[EventDate "2006.08.06"]
[EventType "swiss"]
[EventRounds "11"]
[EventCountry "WLS"]
[SourceTitle "CBM 113 Extra"]
[Source "ChessBase"]
[SourceDate "2006.09.14"]
[SourceVersion "1"]
[SourceVersionDate "2006.09.14"]
[SourceQuality "1"]

1. d4 Nf6 2. c4 c5 3. d5 e6 4. Nc3 exd5 5. cxd5 d6 6. e4 g6 7. h3 Bg7 8. Nf3 0-0 9. Bd3 Re8 10. 0-0 a6 11. a4 Nh5 12. Re1 Nd7 13. Bg5 Bf6 14. Bd2 Ne5 15. Be2 Ng7 16. Nh2 Qb6 17. f4 c4+ 18. Kh1 Nd3 19. Bxd3 cxd3 20. Rb1 Bd4 21. Qf3 f5 1/2-1/2

[Event "GBR-ch op"]
[Site "Swansea"]
[Date "2006.08.09"]
[Round "2.47"]
[White "Rabbitte, Dominic M"]
[Black "Lam, Paul GM"]
[Result "1/2-1/2"]
[WhiteElo "1964"]
[BlackElo "2102"]
[PlyCount "51"]
[EventDate "2006.08.06"]
[EventType "swiss"]
[EventRounds "11"]
[EventCountry "WLS"]
[SourceTitle "CBM 113 Extra"]
[Source "ChessBase"]
[SourceDate "2006.09.14"]
[SourceVersion "1"]
[SourceVersionDate "2006.09.14"]
[SourceQuality "1"]

1. e4 Nf6 2. e5 Nd5 3. c4 Nb6 4. d4 d6 5. exd6 exd6 6. Nc3 Be7 7. Be3 Nc6 8. Rc1 0-0 9. b3 Re8 10. Bd3 Bf6 11. Nge2 g6 12. 0-0 Ne7 13. Ne4 Nf5 14. Nxf6+ Qxf6 15. Qd2 h5 16. Bg5 Qg7 17. Bxf5 Bxf5 18. Ng3 Bd7 19. Qf4 f5 20. Rc3 Be6 21. Bh6 Qf6 22. Nxh5 gxh5 23. Rg3+ Kh7 24. Bg7 Qxg7 25. Rxg7+ Kxg7 26. Qg5+ 1/2-1/2

[Event "BCF-chT 0405 (4NCL)"]
[Site "West Bromwich"]
[Date "2005.01.22"]
[Round "5.8"]
[White "Yurenok, Maria S"]
[Black "Rabbitte, Dominic M"]
[Result "1-0"]
[WhiteElo "2078"]
[BlackElo "1970"]
[PlyCount "77"]
[EventDate "2004.09.18"]
[EventType "team"]
[EventRounds "11"]
[EventCountry "ENG"]
[SourceTitle "EXT 2006"]
[Source "ChessBase"]
[SourceDate "2005.11.24"]
[SourceVersion "1"]
[SourceVersionDate "2005.11.24"]
[SourceQuality "1"]
[WhiteTeam "Guildford II"]
[BlackTeam "Micro Mark NWE"]
[WhiteTeamCountry "ENG"]
[BlackTeamCountry "ENG"]

1. d4 Nf6 2. Nf3 g6 3. Bg5 Bg7 4. Nbd2 c5 5. Bxf6 Bxf6 6. Ne4 Bxd4 7. Nxd4 cxd4 8. Qxd4 0-0 9. h4 Nc6 10. Qd2 Qa5 11. c3 f5 12. Ng5 h5 13. f4 Qc7 14. e3 b6 15. Rd1 Kg7 16. Be2 Rf6 17. 0-0 Rd6 18. Qc1 Bb7 19. Rxd6 Qxd6 20. Rd1 Qc7 21. Qd2 Rd8 22. c4 Kg8 23. b3 a5 24. Bf3 Bc8 25. Qe2 Rf8 26. Bxh5 Rf6 27. Bf3 e5 28. Bd5+ Kg7 29. g3 e4 30. h5 Nb4 31. hxg6 Kxg6 32. Qh2 d6 33. Bg8 Nd3 34. Qh8 Bb7 35. Bh7+ Kh5 36. Kg2 Kg4 37. Bg6 Nxf4+ 38. gxf4 Rxg6 39. Qh3# 1-0